00935nam a2200193Ia 4500008004100000020001500041050002100056245014100077260003500218300003700253500019600290505010100486650001200587650002100599650002000620700003300640700003400673700003400707120626s1983 mx d 000 0 spa d a9682413702 aRM300bD75 1983  aDrogas y conductab: Interacciones y aplicaciones c/ Víctor M., Alvaraz, e tal.; traducción técnica: Ana Eugenia, Díaz León  aMéxico b: Trillas c, 1983  a322 páginas b: Ilustraciones  aIncluye: Índice de contenido, Prólogo (pp. 5 - 6), Agradecimientos (pp. 9 - 10), Introducción (pp. 15 - 17), Ínidce onomástico (pp. 313 - 317), Índice de materias (pp. 319 - 322) aFarmacología conductual animal Farmacología conductual humana Toxicología conductual  0aDROGAS  0aCONDUCTA ANIMAL  0aFARMACOLOGÍA  aAlcaraz, Víctor Meeditor  aColotla, Víctor A.eeditor  aLaties, Víctor G. eeditor